Locally compact groups
Αποθηκεύτηκε σε:
| Κύριος συγγραφέας: | |
|---|---|
| Μορφή: | Βιβλίο |
| Γλώσσα: | English |
| Δημοσίευση: |
Zόrich, Switzerland :
European Mathematical Society,
c2006
|
| Σειρά: | EMS textbooks in mathematics
|
| Θέματα: | |
| Ετικέτες: |
Προσθήκη ετικέτας
Δεν υπάρχουν, Καταχωρήστε ετικέτα πρώτοι!
|
MARC
| LEADER | 00000nam a2200000 i 4500 | ||
|---|---|---|---|
| 001 | 1/60176 | ||
| 008 | 071024s2006 eng d | ||
| 020 | |a 3-03719-016-7 | ||
| 035 | |l 10091785 | ||
| 040 | |a GR-MY-UA |b gre |e aacr | ||
| 041 | 0 | |a eng | |
| 082 | 0 | |a 512.55 |2 (22) | |
| 100 | 1 | |a Stroppel, Markus. | |
| 245 | 1 | 0 | |a Locally compact groups / |c Markus Stroppel |
| 260 | |a Zόrich, Switzerland : |b European Mathematical Society, |c c2006 | ||
| 300 | |a x, 302 σ.; |b εικ.; |c 24 εκ. | ||
| 490 | 1 | |a EMS textbooks in mathematics | |
| 504 | |a Περιλαμβάνει βιβλιογραφικές παραπομπές (σ. [287]-290) και ευρετήριο | ||
| 650 | 0 | 0 | |a Locally compact groups. |
| 830 | 0 | |a EMS textbooks in mathematics | |
| 852 | |a INST |b SAMOS |e 20071024 |h 512.55 STR |p 005300028024 |q 005300028024 |t BK |y 0 | ||
| 901 | |a BIBL3-2007-3 | ||
| 909 | |a Σ |b 139665 | ||
| 922 | |a 3ΕΛΗ |b 200710 |c ΕΠΕΑΕΚ2/ΤΜΗΜΑ ΜΑΘΗΜΑΤΙΚΩΝ |d ΠΑΠΑΣΩΤΗΡΙΟΥ | ||
| 970 | |a ΡΟΥΣΣΟΥ |b ΚΩΝΣΤΑΝΤΙΝΑ |z 2007/10/24 | ||